ბათუმის შოთა რუსთაველის სახელმწიფო უნივერსიტეტის ბიბლიოთეკა

იმ ღამეს გაუმარჯოს, რომელიც თენდება!.../ (ბიბ.ჩანაწერი № 48774)

000 -ლიდერი
ფიქსირებული სიგრძის საკონტროლო ველი 01358nam a2200253Ia 4500
001 - საკონტროლო ნომერი
საკონტროლო ველი 15675
003 - საკონტროლო ნომრის იდენტიფიკატორი
საკონტროლო ველი GE_BSU
005 - ბოლო ოპერაციის თარიღი და დრო
საკონტროლო ველი 20190422182638.0
008 - ფიქსირებული სიგრძის მონაცემთა ელემენტები - ზოგადი ინფორმაცია
ფიქსირებული სიგრძის საკონტროლო ველი 181216s1990||||ge |||||||||||||| ||geo||
040 ## - კატალოგიზაციის წყარო
Transcribing agency GE_BSU
041 ## - ენის კოდი
Language code of text/sound track or separate title geo
080 ## - უნივერსალური ათობითი კლასიფიკაციის ინდექსი
Universal Decimal Classification number 94(479.22)+321.64(47+57) + 343.294 ჩ-60
100 ## - მთავარი ჩანაწერი - პიროვნების სახელი
Personal name ჩიქოვანი, ლილი
9 (RLIN) 321
245 ## - ცნობა სათაურის შესახებ
Title იმ ღამეს გაუმარჯოს, რომელიც თენდება!.../
Statement of responsibility, etc ლილი ჩიქოვანი. :რედ. ა.სამსონია ; მხატვ. ა.ლომაძე
Remainder of title რეაბილიტაცია / ცეცხლაძე ნოდარ.
264 ## - წარმოების, გამოცემის, დისტრიბუციის და სხვა ცნობები
გამოცემის, წარმოების, დისტრიბუციის... ადგილი ბათუმი :
გამოცემის, წარმოების, დისტრიბუციის... სახელწოდება ჟურნ. ჭოროხის გამ-ბა,
გამოცემის, წარმოების, დისტრიბუციის... თარიღი 1990.
300 ## - ფიზიკური აღწერა
Extent 88გვ. :
Other physical details ილ.
Dimensions
520 ## - SUMMARY, ETC.
Summary, etc გარეკანზე სათაური: რეაბილიტაცია
653 ## - INDEX TERM--UNCONTROLLED
Uncontrolled term საქართველოს ისტორია, XX ს.
653 ## - INDEX TERM--UNCONTROLLED
Uncontrolled term რეპრესიები საბჭოთა კავშირში
653 ## - INDEX TERM--UNCONTROLLED
Uncontrolled term რეპრესირებულთა რეაბილიტაცია
700 ## - ADDED ENTRY--PERSONAL NAME
Personal name სამსონაძე, ა.
Relator term რედაქტორი
9 (RLIN) 322
700 ## - ADDED ENTRY--PERSONAL NAME
Personal name ლომაძე, ა.
Relator term რედაქტორი
9 (RLIN) 323
942 ## - ADDED ENTRY ELEMENTS (KOHA)
Koha item type წიგნი
Source of classification or shelving scheme
ეგზემპლარები
ჩამოწერის სტატუსი დაკარგული ეგზემპლარის სტატუსი კლასიფიკაციის წყარო ან თაროზე გაწყობის სქემა დაზიანების სტატუსი არ გაიცემა მუდმივი მდებარეობა (დაცვის ადგილი) ამჟამინდელი ადგილსამყოფელი თაროზე განთავსების ადგილი შეძენის თარიღი სრული შენახვის შიფრი შტრიხკოდი ბოლო ოპერაციის თარიღი ფასის ძალაში შესვლის თარიღი ეგზემპლარის სახეობა ეგზემპლარის მიმდევრობითი ნომერი (კეტერი?)
          ბათუმის შოთა რუსთაველის სახელმწიფო უნივერსიტეტის მთავარი ბიბლიოთეკა ბათუმის შოთა რუსთაველის სახელმწიფო უნივერსიტეტის მთავარი ბიბლიოთეკა წიგნსაცავი 2018-12-17 94(479.22)+321.64(47+57) + 343.294 ჩ 68 38624 2018-12-17 2018-12-17 წიგნი  
          ბათუმის შოთა რუსთაველის სახელმწიფო უნივერსიტეტის მთავარი ბიბლიოთეკა ბათუმის შოთა რუსთაველის სახელმწიფო უნივერსიტეტის მთავარი ბიბლიოთეკა წიგნსაცავი 2018-12-17 94(479.22)+321.64(47+57) + 343.294 ჩ - 60 38625 2018-12-17 2018-12-17 წიგნი 38625
          ბათუმის შოთა რუსთაველის სახელმწიფო უნივერსიტეტის მთავარი ბიბლიოთეკა ბათუმის შოთა რუსთაველის სახელმწიფო უნივერსიტეტის მთავარი ბიბლიოთეკა წიგნსაცავი 2018-12-17 94(479.22)+321.64(47+57) + 343.294 ჩ- 60 62638 2018-12-17 2018-12-17 წიგნი 62638
          ბათუმის შოთა რუსთაველის სახელმწიფო უნივერსიტეტის მთავარი ბიბლიოთეკა ბათუმის შოთა რუსთაველის სახელმწიფო უნივერსიტეტის მთავარი ბიბლიოთეკა წიგნსაცავი 2018-12-17 94(479.22)+321.64(47+57) + 343.294 ჩ- 60 38627 2018-12-17 2018-12-17 წიგნი  
          ბათუმის შოთა რუსთაველის სახელმწიფო უნივერსიტეტის მთავარი ბიბლიოთეკა ბათუმის შოთა რუსთაველის სახელმწიფო უნივერსიტეტის მთავარი ბიბლიოთეკა წიგნსაცავი 2018-12-17 94(479.22)+321.64(47+57) + 343.294 ჩ 60 38628 2018-12-17 2018-12-17 წიგნი  
          ბათუმის შოთა რუსთაველის სახელმწიფო უნივერსიტეტის მთავარი ბიბლიოთეკა ბათუმის შოთა რუსთაველის სახელმწიფო უნივერსიტეტის მთავარი ბიბლიოთეკა წიგნსაცავი 2018-12-17 94(479.22)+321.64(47+57) + 343.294 ჩ 60 38629 2018-12-17 2018-12-17 წიგნი